000 00284nam a22001337a 4500
082 _a894.812.3
_bNAR/V
100 _aP NARENDRANAD
245 _aVIKRUTHI RAMAN
250 _a1
260 _aKOTTAYAM
_bD C BOOKS
300 _a42
650 _aMALAYLAM SHORT STORY
_zKERALA
942 _cBK
999 _c1171
_d1171